[Event "Titled Tue 24th Jun Early"]
[Site "chess.com INT"]
[Date "2025.06.24"]
[Round "5"]
[White "Harshavardhan, G B"]
[Black "Harshit, Ranjan Sahu"]
[Result "0-1"]
[WhiteTitle "IM"]
[BlackTitle "CM"]
[WhiteElo "2472"]
[BlackElo "2191"]
[WhiteFideId "25059009"]
[BlackFideId "25638815"]
[EventDate "2025.06.24"]

1. Nf3 Nf6 2. g3 g6 3. Bg2 Bg7 4. O-O O-O 5. b3 d6 6. d4 Nc6 7. Bb2 e5 8. dxe5
Ng4 9. c4 Ngxe5 10. Nxe5 Nxe5 11. Nc3 Re8 12. Qd2 a5 13. Rad1 a4 14. h3 axb3 15.
axb3 Bd7 16. f4 Nc6 17. e4 Na5 18. Qc2 Nc6 19. Ra1 Nd4 20. Qd1 c5 21. Kh2 Bc6
22. Rf2 Qb6 23. Nd5 Bxd5 24. exd5 Qxb3 25. Qxb3 Nxb3 26. Rxa8 Rxa8 27. Bxg7 Kxg7
28. Rb2 Nd4 29. Rxb7 Ra2 30. g4 Ne2 31. Bf3 Nxf4+ 32. Kg3 g5 33. Rb6 Ra3 34.
Rxd6 Ng6 35. Kf2 Ne5 36. Be2 Rxh3 37. Rb6 Rh2+ 38. Ke3 Rh4 39. d6 Nxg4+ 40. Ke4
Nf6+ 41. Kf5 h6 42. Bd3 Rf4+ 43. Ke5 Nd7+ 0-1

[Event "Titled Tue 24th Jun Early"]
[Site "chess.com INT"]
[Date "2025.06.24"]
[Round "5"]
[White "Lam, Paul G M"]
[Black "Boci, Mateu"]
[Result "0-1"]
[BlackTitle "FM"]
[WhiteElo "2110"]
[BlackElo "2274"]
[WhiteFideId "411566"]
[BlackFideId "4704665"]
[EventDate "2025.06.24"]

1. e4 c5 2. Nf3 Nc6 3. Bb5 d6 4. d4 cxd4 5. Qxd4 Bd7 6. Bxc6 bxc6 7. c4 Nf6 8.
e5 dxe5 9. Nxe5 e6 10. Nxd7 Qxd7 11. Qxd7+ Nxd7 12. Be3 Bc5 13. Ke2 Bxe3 14.
Kxe3 Ke7 15. Nc3 Rhd8 16. Rhd1 Ne5 17. b3 f5 18. h3 g5 19. Rxd8 Rxd8 20. Rd1
Rxd1 21. Nxd1 h5 22. Kd4 Nd7 23. c5 e5+ 24. Kc4 Ke6 25. b4 a6 26. a4 e4 27. Nc3
Ne5+ 28. Kd4 Nd3 29. b5 cxb5 30. axb5 axb5 31. Nxb5 Nxf2 32. c6 f4 33. c7 Kd7
34. c8=Q+ Kxc8 35. Nd6+ Kd7 36. Nxe4 f3 37. gxf3 Nxh3 38. Ke3 Ke6 0-1

[Event "Titled Tue 24th Jun Early"]
[Site "chess.com INT"]
[Date "2025.06.24"]
[Round "5"]
[White "Mizzi, Jack"]
[Black "Araujo Filho, Luiz Antonio Coel"]
[Result "1-0"]
[WhiteTitle "CM"]
[WhiteElo "2107"]
[BlackElo "2077"]
[WhiteFideId "5602521"]
[BlackFideId "2130661"]
[EventDate "2025.06.24"]

1. d4 f5 2. c4 Nf6 3. Nf3 g6 4. g3 Bg7 5. Bg2 O-O 6. O-O d6 7. Nc3 Nc6 8. d5 Na5
9. Nd2 c5 10. e4 a6 11. Re1 fxe4 12. Ncxe4 Rb8 13. a4 Bd7 14. Ng5 b5 15. axb5
axb5 16. cxb5 Rxb5 17. Qe2 Re8 18. Ne6 Qc8 19. Nc4 Nb3 20. Ra7 Nxc1 21. Rxc1
Bxe6 22. dxe6 d5 23. Nd6 Rxb2 24. Qxb2 exd6 25. Bxd5 Kh8 26. g4 Nh5 27. Rxg7
Nxg7 28. Ra1 Qc7 29. h4 Qe7 30. g5 Kg8 31. Re1 Nf5 32. Qf6 Nxh4 33. Qf7+ 1-0

[Event "Titled Tue 24th Jun Early"]
[Site "chess.com INT"]
[Date "2025.06.24"]
[Round "5"]
[White "Jakubowski, Krzysztof"]
[Black "Gan-Erdene, Sugar"]
[Result "1-0"]
[WhiteTitle "GM"]
[BlackTitle "IM"]
[WhiteElo "2448"]
[BlackElo "2454"]
[WhiteFideId "1112848"]
[BlackFideId "4902980"]
[EventDate "2025.06.24"]

1. e4 g6 2. d4 Bg7 3. Nc3 d6 4. Be3 a6 5. Qd2 b5 6. O-O-O Bb7 7. f3 Nd7 8. Kb1
e6 9. g4 c5 10. Nge2 Qc7 11. h4 Nb6 12. dxc5 Nc4 13. Qc1 Nxe3 14. Qxe3 dxc5 15.
h5 Rd8 16. Rxd8+ Kxd8 17. h6 Bf8 18. g5 Ne7 19. Bh3 Nc6 20. Rd1+ Kc8 21. Nd5 Qd8
22. Qg1 Bd6 23. f4 Kb8 24. Nf6 Qc7 25. e5 Be7 26. Rd7 Qa5 27. Bg2 Bxf6 28. gxf6
Rd8 29. Qd1 Kc8 30. Rd6 Qc7 31. Rxd8+ Nxd8 32. Bxb7+ Nxb7 33. Nc3 Qc6 34. a3 b4
35. axb4 cxb4 36. Na2 a5 37. Nc1 Nc5 38. Qd4 Kb7 39. Qc4 Ne4 40. Qd3 Nc5 41. Qe3
Nd7 42. Nb3 Nb6 43. Nxa5+ 1-0

[Event "Titled Tue 24th Jun Early"]
[Site "chess.com INT"]
[Date "2025.06.24"]
[Round "5"]
[White "Terkiewicz, Bruno"]
[Black "Beniosev, Daniel"]
[Result "1-0"]
[WhiteTitle "CM"]
[BlackTitle "CM"]
[WhiteElo "2183"]
[BlackElo "1959"]
[WhiteFideId "21093245"]
[BlackFideId "11632674"]
[EventDate "2025.06.24"]

1. c4 c5 2. Nf3 Nc6 3. b3 d6 4. Bb2 Nf6 5. e3 g6 6. d4 cxd4 7. Nxd4 Bd7 8. Be2
Bg7 9. O-O O-O 10. Nd2 a6 11. Rc1 Rc8 12. a3 Re8 13. b4 Nxd4 14. Bxd4 b5 15. Qb3
Bc6 16. Rfd1 Qd7 17. Qb2 Qb7 18. f3 Red8 19. e4 e5 20. Be3 Nd7 21. Nb3 Qb8 22.
Na5 Ba8 23. cxb5 axb5 24. Bf1 f5 25. Qf2 Bb7 26. Ba7 Qa8 27. Rxc8 Rxc8 28. Bxb5
Nf6 29. exf5 gxf5 30. h3 e4 31. f4 e3 32. Bxe3 Ne4 33. Qf1 Nc3 34. Rd2 Nxb5 35.
Qxb5 Ba6 36. Qd5+ Qxd5 37. Rxd5 Rc3 38. Bb6 Rxa3 39. Rxd6 Bc3 40. Bc5 1-0

[Event "Titled Tue 24th Jun Early"]
[Site "chess.com INT"]
[Date "2025.06.24"]
[Round "5"]
[White "Sturt, Raven"]
[Black "Zakin, Ilay"]
[Result "0-1"]
[WhiteTitle "GM"]
[BlackTitle "FM"]
[WhiteElo "2459"]
[BlackElo "2300"]
[WhiteFideId "2007304"]
[BlackFideId "2848279"]
[EventDate "2025.06.24"]

1. f4 c5 2. Nf3 Nf6 3. e3 g6 4. b3 Bg7 5. Bb2 d6 6. Bb5+ Bd7 7. a4 a6 8. Bxd7+
Qxd7 9. O-O Nc6 10. d3 O-O 11. a5 Rfe8 12. Nbd2 e5 13. fxe5 dxe5 14. e4 Nh5 15.
Nc4 Nf4 16. Nb6 Qg4 17. Ne1 Qxd1 18. Rxd1 Rad8 19. Nc4 Nd4 20. g3 Nfe6 21. Bc1
Ne2+ 22. Kg2 Nc3 23. Rd2 Bh6 24. Nxe5 Bxd2 25. Bxd2 Nxe4 26. Bc1 Nd6 27. N1f3
Nd4 28. Bg5 Nxf3 29. Nxf3 Re2+ 30. Rf2 Rde8 31. Nd2 Nf5 32. Ne4 Rxf2+ 33. Kxf2
Rc8 34. c3 h6 35. Bf6 Rc6 36. Be5 Kf8 37. g4 Ng7 38. Bd6+ Ke8 39. Bxc5 f5 40.
gxf5 gxf5 41. Nd6+ Kd7 42. Nxb7 Kc7 43. Bd4 Ne6 44. Be5+ Kxb7 45. b4 Rc8 46. c4
Rd8 47. Ke3 f4+ 48. Ke4 f3 49. Bg3 Ng5+ 50. Ke3 Re8+ 51. Kd4 Re2 52. h4 Ne6+ 53.
Kd5 Nc7+ 54. Kc5 f2 55. Bxf2 Rxf2 56. d4 Rd2 57. d5 Ne8 0-1

[Event "Titled Tue 24th Jun Early"]
[Site "chess.com INT"]
[Date "2025.06.24"]
[Round "5"]
[White "Goryachkina, Aleksandra"]
[Black "Venskaya, Nika"]
[Result "1-0"]
[WhiteTitle "GM"]
[BlackTitle "WCM"]
[WhiteElo "2533"]
[BlackElo "1926"]
[WhiteFideId "4147103"]
[BlackFideId "13523503"]
[EventDate "2025.06.24"]

1. e4 c5 2. Nf3 d6 3. d4 cxd4 4. Nxd4 Nf6 5. Nc3 g6 6. Be3 Bg7 7. f3 O-O 8. Qd2
Nc6 9. O-O-O d5 10. exd5 Nxd5 11. Nxc6 bxc6 12. Bd4 e5 13. Bc5 Re8 14. Bc4 Be6
15. Ne4 Qc7 16. h4 Rad8 17. Qf2 h6 18. Bb3 Nf4 19. h5 f5 20. Nc3 g5 21. g4 fxg4
22. fxg4 Bd5 23. Nxd5 cxd5 24. Bxa7 Rd7 25. Be3 Qc6 26. Kb1 Kh8 27. Rhe1 Rf8 28.
Qd2 d4 29. Bxf4 Rxf4 30. Qa5 e4 31. Ba4 Qb7 32. Bxd7 Qxd7 33. Qa8+ Kh7 34. Rxe4
Qxg4 35. Rde1 Qg3 36. a4 Rf8 37. Qd5 Qb8 38. R4e2 g4 39. Qe4+ 1-0

[Event "Titled Tue 24th Jun Early"]
[Site "chess.com INT"]
[Date "2025.06.24"]
[Round "5"]
[White "Alvarado, Carlos"]
[Black "Aadya, Gupta"]
[Result "0-1"]
[WhiteTitle "CM"]
[BlackTitle "WFM"]
[WhiteElo "2032"]
[BlackElo "1923"]
[WhiteFideId "3800555"]
[BlackFideId "25778293"]
[EventDate "2025.06.24"]

1. Nf3 d5 2. b3 c5 3. Bb2 Nc6 4. e3 Nf6 5. Bb5 g6 6. Ne5 Bd7 7. Nxc6 bxc6 8. Be2
Bg7 9. O-O O-O 10. d3 Qc7 11. Nc3 e5 12. Na4 Rfe8 13. Nxc5 Bc8 14. a4 a5 15. d4
e4 16. c4 h5 17. h3 Nh7 18. Rc1 Qe7 19. Ba3 Qg5 20. Kh2 f5 21. Rc2 f4 22. Bc1 f3
23. Bxf3 exf3 24. Qxf3 Rf8 25. Qg3 Qxg3+ 26. Kxg3 Bf5 27. Rd2 Ng5 28. Kh2 Rfe8
29. Rb2 Bf8 30. f4 Bxc5 31. dxc5 Ne4 32. cxd5 cxd5 33. Rc2 Ng3 34. Kxg3 Bxc2 35.
Kf3 Bxb3 36. Bb2 Bc4 37. Rf2 Re7 38. Bd4 Rb8 39. g4 h4 40. g5 Rb3 41. Kg4 Kf7
42. Kxh4 Re8 43. Kg4 Rb4 44. h4 Rxa4 45. h5 gxh5+ 46. Kxh5 Ra2 47. f5 Rxf2 48.
g6+ Kg8 49. f6 Bd3 50. f7+ Rxf7 51. gxf7+ Kxf7 52. Kg5 Bb5 53. Kf4 Bc6 54. Be5
a4 0-1

[Event "Titled Tue 24th Jun Early"]
[Site "chess.com INT"]
[Date "2025.06.24"]
[Round "5"]
[White "Esipenko, Andrey"]
[Black "Donchenko, Alexander"]
[Result "1-0"]
[WhiteTitle "GM"]
[BlackTitle "GM"]
[WhiteElo "2689"]
[BlackElo "2613"]
[WhiteFideId "24175439"]
[BlackFideId "24603295"]
[EventDate "2025.06.24"]

1. d4 Nf6 2. Nf3 d5 3. g3 Bf5 4. c4 c6 5. Nc3 e6 6. Nh4 Be4 7. f3 Bg6 8. Qb3 Qb6
9. c5 Qc7 10. Bf4 Qc8 11. e4 dxe4 12. Nxg6 hxg6 13. fxe4 Nbd7 14. O-O-O b6 15.
cxb6 axb6 16. Kb1 Be7 17. Be2 O-O 18. h4 b5 19. h5 gxh5 20. e5 b4 21. exf6 Nxf6
22. Na4 g6 23. Nb6 Qb7 24. Nxa8 Rxa8 25. Be5 Nd5 26. Rdf1 Qa7 27. Bc4 Bg5 28.
Rf3 Qb7 29. Rhf1 f5 30. Re1 Kh7 31. Bd6 Qd7 32. Bc5 Re8 33. Rf2 Kg7 34. Rfe2 h4
35. gxh4 Bxh4 36. Rg1 Bf6 37. Qf3 g5 38. Qh5 Rh8 39. Rxg5+ Bxg5 40. Qxg5+ Kf7
41. Rg2 Ke8 42. Qg6+ Kd8 43. Bxd5 Rh1+ 44. Kc2 cxd5 45. Qf6+ Kc8 46. Rg8+ Kb7
47. Rg7 1-0

[Event "Titled Tue 24th Jun Early"]
[Site "chess.com INT"]
[Date "2025.06.24"]
[Round "5"]
[White "Ndirangu, Nyaruai, Joyce"]
[Black "Nikulina, Alena"]
[Result "0-1"]
[WhiteTitle "WCM"]
[BlackTitle "WFM"]
[WhiteElo "1909"]
[BlackElo "1875"]
[WhiteFideId "10802886"]
[BlackFideId "4172051"]
[EventDate "2025.06.24"]

1. d4 d5 2. Nf3 Nf6 3. Bf4 c5 4. e3 Nc6 5. c3 Qb6 6. Qb3 c4 7. Qc2 g6 8. Nbd2
Bf5 9. Qc1 Bg7 10. Be2 O-O 11. h3 Nd7 12. g4 Bd3 13. Bxd3 cxd3 14. O-O e5 15.
dxe5 Ndxe5 16. Nxe5 Nxe5 17. Kg2 Nc4 18. Nb3 a5 19. Rb1 a4 20. Nd4 Rac8 21. Rd1
d2 22. Qc2 Bxd4 23. exd4 Qf6 24. Bxd2 b5 25. Qd3 Nd6 26. f3 Rb8 27. b3 a3 28. c4
bxc4 29. bxc4 Nxc4 30. Bb4 Rfe8 31. Bxa3 Re3 32. Rxb8+ Kg7 33. Qf1 Rxa3 34. Qe2
Ne3+ 35. Kf2 Nxd1+ 36. Qxd1 Qf4 37. Kg2 Rxa2+ 38. Kf1 Qh2 39. Rb2 Rxb2 40. Qc1
Qh1# 0-1

[Event "Titled Tue 24th Jun Early"]
[Site "chess.com INT"]
[Date "2025.06.24"]
[Round "5"]
[White "Kozlov, Oleg"]
[Black "Askarov, Bakhtiyar"]
[Result "0-1"]
[WhiteTitle "IM"]
[BlackTitle "IM"]
[WhiteElo "2253"]
[BlackElo "2297"]
[WhiteFideId "4104544"]
[BlackFideId "13701100"]
[EventDate "2025.06.24"]

1. d4 Nf6 2. Nf3 g6 3. c4 Bg7 4. Nc3 O-O 5. e4 d6 6. Be2 e5 7. O-O Nc6 8. d5 Ne7
9. b4 a5 10. bxa5 Rxa5 11. a4 Nd7 12. Nd2 f5 13. Nb3 Ra8 14. a5 Nf6 15. c5 Nxe4
16. Nxe4 fxe4 17. cxd6 cxd6 18. Ra4 Nf5 19. Rxe4 Bh6 20. Bxh6 Nxh6 21. Qd2 Nf7
22. Rc1 Qf6 23. Qe3 h5 24. Rec4 Bf5 25. Rc7 Rab8 26. Nd2 Ng5 27. Nc4 Rfc8 28.
Nb6 Rxc7 29. Rxc7 e4 30. h4 Nf7 31. Qf4 Qa1+ 32. Kh2 Qxa5 33. Rxf7 Kxf7 34. Qxd6
Re8 35. Nc4 Qd8 36. Qf4 Kg7 37. Nd6 Rf8 38. Nxb7 Qe7 39. Nd6 Bg4 40. Qxe4 Qxe4 0-1

[Event "Titled Tue 24th Jun Early"]
[Site "chess.com INT"]
[Date "2025.06.24"]
[Round "5"]
[White "Yushko, Olga"]
[Black "Bruhovich, Olexandr"]
[Result "1-0"]
[WhiteTitle "WFM"]
[BlackTitle "CM"]
[WhiteElo "2033"]
[BlackElo "2208"]
[WhiteFideId "14114500"]
[BlackFideId "14119919"]
[EventDate "2025.06.24"]

1. d4 Nf6 2. c4 d6 3. Nf3 g6 4. Nc3 Bg7 5. Bg5 O-O 6. e3 Nbd7 7. Be2 a6 8. O-O
h6 9. Bh4 c6 10. Qc2 b5 11. cxb5 cxb5 12. Rac1 Bb7 13. Qb3 Qb6 14. Nd2 Rfc8 15.
Bf3 Bxf3 16. Nxf3 Rab8 17. Nd2 a5 18. Nde4 b4 19. Nd5 Nxd5 20. Qxd5 Kf8 21. h3
g5 22. Bg3 Nf6 23. Nxf6 Bxf6 24. Qf5 Rc6 25. Rfd1 Bg7 26. h4 e6 27. Qe4 d5 28.
Qd3 Rbc8 29. Bd6+ Kg8 30. Bc5 Qb7 31. hxg5 hxg5 32. Qe2 e5 33. Qg4 exd4 34. exd4
Rg6 35. Re1 Qc7 36. Re7 Qd8 37. Rd7 Qe8 38. Re7 Qd8 39. Rce1 Rb8 40. Rd7 Qc8 41.
Ree7 Re6 42. Qxg5 Rxe7 43. Qxe7 Qf8 44. Qg5 Qc8 45. Qf5 Qe8 46. Re7 1-0

[Event "Titled Tue 24th Jun Early"]
[Site "chess.com INT"]
[Date "2025.06.24"]
[Round "5"]
[White "Van Baar, Esper"]
[Black "Devaev, Alexander"]
[Result "0-1"]
[WhiteTitle "FM"]
[BlackTitle "FM"]
[WhiteElo "2232"]
[BlackElo "2306"]
[WhiteFideId "1049321"]
[BlackFideId "4169395"]
[EventDate "2025.06.24"]

1. e4 c6 2. d4 d5 3. e5 Bf5 4. Nf3 e6 5. Be2 Nd7 6. c3 h6 7. O-O Ne7 8. Be3 Bg4
9. h3 Bh5 10. Nbd2 Nf5 11. a4 a5 12. Qc2 Be7 13. Rfb1 c5 14. Bb5 O-O 15. Qd1
cxd4 16. cxd4 Nb8 17. Rc1 Qb6 18. Nb3 Nc6 19. g4 Nxe3 20. fxe3 Bg6 21. Bd3 Bxd3
22. Qxd3 Nb4 23. Qb5 Qxb5 24. axb5 Nd3 25. Rc7 Bb4 26. Rxb7 a4 27. Nbd2 Nxb2 28.
Kf2 a3 29. Ke2 Rfb8 30. Rxb8+ Rxb8 31. Nb1 Nc4 32. Nfd2 Nxd2 33. Nxd2 Rxb5 34.
Kd3 Bxd2 35. Kxd2 Rb3 36. h4 g5 37. hxg5 hxg5 38. Ra2 Kg7 39. Ra1 f6 40. exf6+
Kxf6 41. Ke2 e5 42. Kf2 Ke6 43. Ke2 Kd6 44. Rc1 Rb2+ 0-1

[Event "Titled Tue 24th Jun Early"]
[Site "chess.com INT"]
[Date "2025.06.24"]
[Round "5"]
[White "Ter-Sahakyan, Samvel"]
[Black "Niemann, Hans Moke"]
[Result "0-1"]
[WhiteTitle "GM"]
[BlackTitle "GM"]
[WhiteElo "2611"]
[BlackElo "2736"]
[WhiteFideId "13302531"]
[BlackFideId "2093596"]
[EventDate "2025.06.24"]

1. d4 Nf6 2. c4 e6 3. Nf3 b6 4. g3 Bb7 5. Bg2 Be7 6. O-O O-O 7. Nc3 Ne4 8. Qc2
Nxc3 9. Qxc3 d6 10. b3 Nd7 11. Bb2 f5 12. Rac1 Qe8 13. b4 a5 14. a3 Bf6 15. Rfd1
Be4 16. Qb3 Kh8 17. d5 e5 18. Bc3 Qh5 19. Qb2 f4 20. Rf1 Bg6 21. gxf4 exf4 22.
Nd4 Bxd4 23. Bxd4 Nf6 24. f3 axb4 25. axb4 Rae8 26. Rf2 Qg5 27. Kh1 Nh5 28. Bf1
Qh4 29. Rg2 Rf7 30. Kg1 Bf5 31. Bf2 Qe7 32. h4 h6 33. Rh2 Rf6 34. Kh1 Rg6 35.
Qd4 Ng3+ 36. Bxg3 fxg3 37. Rg2 Bh3 38. c5 Bxg2+ 39. Kxg2 bxc5 40. bxc5 h5 41. c6
Qf7 42. Rc3 Re5 43. e4 Qf4 44. Qe3 Qxh4 0-1

[Event "Titled Tue 24th Jun Early"]
[Site "chess.com INT"]
[Date "2025.06.24"]
[Round "5"]
[White "Karttunen, Mika"]
[Black "Atanasov, Anthony"]
[Result "0-1"]
[WhiteTitle "IM"]
[BlackTitle "IM"]
[WhiteElo "2490"]
[BlackElo "2417"]
[WhiteFideId "502081"]
[BlackFideId "2623897"]
[EventDate "2025.06.24"]

1. d4 d5 2. c4 e6 3. Nc3 Nf6 4. Nf3 a6 5. cxd5 exd5 6. Bf4 Bd6 7. Bg3 O-O 8. e3
Bf5 9. Bd3 Bxd3 10. Qxd3 Re8 11. Bh4 c6 12. g4 Be7 13. Rg1 Ne4 14. Bg3 Qa5 15.
Nd2 Nxd2 16. Kxd2 Nd7 17. Ke2 Nf8 18. h4 Ne6 19. Kf3 Qd8 20. g5 Bd6 21. Qf5 Qd7
22. Qg4 Rf8 23. Bxd6 Qxd6 24. Qf5 Rae8 25. Rg4 f6 26. g6 h6 27. a3 Qd7 28. Kg2
Qe7 29. Kh3 Qd7 30. Rgg1 Re7 31. Ne2 Nf4+ 32. Kg4 Qxf5+ 33. Kxf5 Nxe2 34. Rge1
Re4 35. Rxe2 Rxh4 36. f4 Re8 37. Rae1 Re4 38. b4 Kf8 39. a4 Ke7 40. b5 axb5 41.
axb5 Kd6 42. bxc6 bxc6 43. Rc1 Rhxf4+ 44. exf4 Rxe2 45. Ra1 Re7 46. Ra8 Rd7 47.
Rf8 c5 48. Rf7 c4 49. Rf8 c3 50. Rc8 Rc7 51. Rd8+ Ke7 52. Rf8 Kxf8 0-1

[Event "Titled Tue 24th Jun Early"]
[Site "chess.com INT"]
[Date "2025.06.24"]
[Round "5"]
[White "Punin, Andrii"]
[Black "Calvo Gonzalez, Jose Felix"]
[Result "1-0"]
[WhiteTitle "FM"]
[BlackTitle "CM"]
[WhiteElo "2289"]
[BlackElo "2168"]
[WhiteFideId "14112639"]
[BlackFideId "54505615"]
[EventDate "2025.06.24"]

1. e4 c5 2. Be2 Nc6 3. f4 e6 4. Nf3 d5 5. d3 Nf6 6. e5 Nd7 7. c3 b5 8. a3 c4 9.
d4 a5 10. O-O Be7 11. g4 h5 12. h3 Ba6 13. Kg2 Qb6 14. Ng5 hxg4 15. hxg4 Bxg5
16. fxg5 Nf8 17. Rh1 Rxh1 18. Qxh1 O-O-O 19. Qh8 g6 20. Qf6 Qc7 21. Nd2 Bb7 22.
Nf3 Qe7 23. Bd2 Nd7 24. Qf4 Rh8 25. Rf1 Rh7 26. Ne1 Qf8 27. Rh1 Rxh1 28. Kxh1
Qh8+ 29. Kg2 Qh4 30. Qxf7 Ncxe5 31. Qxe6 b4 32. axb4 axb4 33. dxe5 d4+ 34. Bf3
dxc3 35. Bxb7+ Kb8 36. bxc3 bxc3 37. Bxc3 Nc5 38. Qc8+ Ka7 39. Qxc5+ Kxb7 40.
Nf3 1-0

[Event "Titled Tue 24th Jun Early"]
[Site "chess.com INT"]
[Date "2025.06.24"]
[Round "5"]
[White "Tregubov, Pavel V."]
[Black "Weerasekara, Dishal Nimsara"]
[Result "1/2-1/2"]
[WhiteTitle "GM"]
[BlackTitle "FM"]
[WhiteElo "2550"]
[BlackElo "2125"]
[WhiteFideId "4115341"]
[BlackFideId "9997431"]
[EventDate "2025.06.24"]

1. e4 c6 2. Nf3 d5 3. Nc3 Bg4 4. h3 Bxf3 5. Qxf3 e6 6. g3 Nf6 7. Bg2 Nbd7 8. O-O
Bb4 9. a3 Bxc3 10. Qxc3 dxe4 11. b4 Qc7 12. Re1 h5 13. h4 O-O-O 14. Bb2 Nb6 15.
a4 Nbd5 16. Qb3 a5 17. bxa5 Qxa5 18. c4 Qb4 19. Qa2 Nb6 20. a5 Nxc4 21. Bc3 Qc5
22. a6 b5 23. a7 Kd7 24. Bxe4 Ra8 25. Bg2 Nd5 26. Bxg7 Rhg8 27. Qa6 Rxg7 28.
Bxd5 Rxg3+ 29. Bg2 Kc7 30. d4 Rxg2+ 31. Kxg2 Rg8+ 32. Kf1 Nd2+ 33. Ke2 Qc4+ 34.
Kxd2 Qxd4+ 35. Kc2 Qc4+ 36. Kb2 Qb4+ 37. Ka2 Qc4+ 38. Kb2 Qb4+ 39. Ka2 Qc4+ 40.
Kb2 1/2-1/2

[Event "Titled Tue 24th Jun Early"]
[Site "chess.com INT"]
[Date "2025.06.24"]
[Round "5"]
[White "Linares Orellana, Hector Jose"]
[Black "Cervantes Landeiro, Thalia"]
[Result "1-0"]
[WhiteTitle "FM"]
[BlackTitle "FM"]
[WhiteElo "2111"]
[BlackElo "2278"]
[WhiteFideId "7304307"]
[BlackFideId "3520498"]
[EventDate "2025.06.24"]

1. e4 c5 2. Nf3 Nc6 3. Bb5 d6 4. O-O Bd7 5. Re1 a6 6. Bf1 Nf6 7. c3 Bg4 8. d3 e5
9. Bg5 Be7 10. Na3 h6 11. Bh4 g5 12. Bg3 h5 13. h3 h4 14. Bh2 Bh5 15. Be2 g4 16.
Nxh4 gxh3 17. Nf5 Bg6 18. Nc2 Bxf5 19. exf5 hxg2 20. Kxg2 Qd7 21. Ne3 O-O-O 22.
Bf3 Rdg8+ 23. Bg3 d5 24. Qb3 e4 25. dxe4 dxe4 26. Be2 Ne5 27. Rad1 Qc6 28. Nd5
Nxd5 29. Qxd5 Qxd5 30. Rxd5 Ng4 31. Bc4 Bh4 32. Rxe4 Bxg3 33. fxg3 Nf6 34. Rxc5+
Kb8 35. Re7 Nh5 36. Rcc7 Rxg3+ 37. Kf2 Rh3 38. Rxb7+ Ka8 39. Ra7+ Kb8 40. Reb7+
Kc8 41. Bxa6 Rh2+ 42. Ke3 Re8+ 43. Kd4 Rh4+ 44. Kd3 Rh3+ 45. Kc2 Rh2+ 46. Kb3
Re5 47. Rxf7+ Kb8 48. Rab7+ Kc8 49. Rf8+ 1-0

[Event "Titled Tue 24th Jun Early"]
[Site "chess.com INT"]
[Date "2025.06.24"]
[Round "5"]
[White "Leung, Hoi Ting"]
[Black "Miserendino, Alfredo"]
[Result "1-0"]
[WhiteTitle "WCM"]
[WhiteElo "1618"]
[BlackElo "2032"]
[WhiteFideId "6003770"]
[BlackFideId "101800"]
[EventDate "2025.06.24"]

1. d4 c5 2. d5 e6 3. dxe6 fxe6 4. e4 d5 5. exd5 exd5 6. Nf3 Nf6 7. Bb5+ Bd7 8.
Bxd7+ Nbxd7 9. O-O Be7 10. Re1 O-O 11. Bg5 h6 12. Bh4 Bd6 13. Nc3 d4 14. Ne4 Be7
15. Bg3 Nxe4 16. Rxe4 Nf6 17. Re1 Bd6 18. c3 Bxg3 19. hxg3 dxc3 20. Qb3+ Kh8 21.
bxc3 Qd5 22. Ne5 Rfe8 23. Ng6+ Kh7 24. Qc2 Ne4 25. Nf4 Qf5 26. f3 Nxg3 27. Qxf5+
Nxf5 28. Red1 Re7 29. Rd5 Rf8 30. Rxc5 Ng3 31. Kf2 Rxf4 32. Kxg3 Rf6 33. Rd1 Ra6
34. Ra1 Ra3 35. Kf2 b6 36. Rc6 Rd7 37. Ke3 Kg8 38. Rc4 Kf7 39. g4 Ke6 40. f4 Re7
41. Kf3 Kf7 42. f5 Rd7 43. Ke4 Re7+ 44. Kf4 Rd7 45. g5 hxg5+ 46. Kxg5 b5 47. Rc5
a6 48. c4 b4 49. Rb1 a5 50. Rb2 Rc3 51. Rxa5 Rxc4 52. Re2 Rcd4 53. Rb5 Rc4 54.
Rb6 Rcd4 55. Rb2 Rc4 56. R6xb4 Rxb4 57. Rxb4 Ra7 58. a4 Rc7 59. a5 Ra7 60. Rb5
Kg8 61. f6 1-0

[Event "Titled Tue 24th Jun Early"]
[Site "chess.com INT"]
[Date "2025.06.24"]
[Round "5"]
[White "Cherepov, Alexej"]
[Black "Pournami S"]
[Result "1-0"]
[WhiteTitle "CM"]
[BlackTitle "WCM"]
[WhiteElo "2083"]
[BlackElo "1749"]
[WhiteFideId "13503650"]
[BlackFideId "25732439"]
[EventDate "2025.06.24"]

1. d4 Nf6 2. c4 e6 3. g3 d5 4. Bg2 Be7 5. Nf3 O-O 6. O-O b6 7. Nc3 Bb7 8. cxd5
exd5 9. Bf4 c5 10. Ne5 Nbd7 11. dxc5 Nxc5 12. Bg5 Nce4 13. Be3 Rc8 14. Nb5 a6
15. Nd4 Nd6 16. b3 Nfe4 17. Rc1 Nc3 18. Qd2 Nde4 19. Qb2 Qd6 20. Nd3 Qa3 21.
Qxa3 Bxa3 22. Rc2 Bc5 23. f3 Nd6 24. Rxc3 Nb5 25. Rxc5 bxc5 26. Nxb5 axb5 27.
Nxc5 Bc6 28. Bd4 Rfe8 29. Kf2 Ba8 30. Rc1 h6 31. a4 bxa4 32. bxa4 Rb8 33. a5 Rb4
34. e3 Rc4 35. Rxc4 dxc4 36. Bf1 Bd5 37. e4 Ba8 38. Bxc4 Rd8 39. Ke3 Rb8 40. a6
Rb1 41. a7 Re1+ 42. Kf4 Rc1 43. Bd5 Rd1 44. Ke3 1-0

[Event "Titled Tue 24th Jun Early"]
[Site "chess.com INT"]
[Date "2025.06.24"]
[Round "5"]
[White "Ben Ari, Yannay"]
[Black "Karpenko, Anton"]
[Result "1-0"]
[WhiteTitle "IM"]
[BlackTitle "CM"]
[WhiteElo "2450"]
[BlackElo "2219"]
[WhiteFideId "2815222"]
[BlackFideId "34374353"]
[EventDate "2025.06.24"]

1. b3 Nf6 2. Bb2 g6 3. Nf3 Bg7 4. c4 O-O 5. e3 d6 6. Be2 e5 7. d3 Nbd7 8. O-O
Re8 9. Nc3 e4 10. dxe4 Nxe4 11. Qc2 Ndc5 12. Nxe4 Nxe4 13. Bxg7 Kxg7 14. Qb2+
Qf6 15. Qxf6+ Kxf6 16. Rac1 a5 17. Nd4 g5 18. Rfd1 Bd7 19. Bf3 Nc5 20. g3 Kg6
21. Ne2 h5 22. Nc3 Bc6 23. Nd5 Rac8 24. h4 f6 25. Rd4 Ne6 26. Rd2 Ng7 27. c5
gxh4 28. gxh4 Bxd5 29. Rxd5 c6 30. Rxd6 Nf5 31. Rd7 Nxh4 32. Be2 Rb8 33. Bd3+ f5
34. Rd1 Nf3+ 35. Kg2 Ne5 36. Rd6+ Kg7 37. Be2 f4 38. exf4 Ng6 39. Rd7+ Kh8 40.
Bf3 Nxf4+ 41. Kg3 Rf8 42. R1d6 h4+ 43. Kxh4 Kg8 44. Kg3 1-0